| 000 | 00584nam a2200205Ia 4500 | ||
|---|---|---|---|
| 001 | 7018 | ||
| 003 | GE_BSU | ||
| 008 | 181216s||||||||xx |||||||||||||| ||und|| | ||
| 040 | _cGE_BSU | ||
| 080 | _a621.79(075) | ||
| 100 | _aБерезин,В.Л. Суворов,А.Ф. | ||
| 245 | _aСварка трубопроводов и конструкций. | ||
| 245 | _bУчебник. | ||
| 260 | _aМ. | ||
| 260 | _bНедра. | ||
| 260 | _c1976 | ||
| 300 | _a359стр. 22см. илл. | ||
| 653 | _aСварка трубопроводов и конструкций. | ||
| 942 | _cBK | ||
| 999 |
_c40410 _d40410 |
||